000 00430nam a2200181Ia 4500
001 1391
005 20260306143725.0
008 260306t2011||||xx |||||||||||||| ||spa||
041 _aESP
082 _a150
_bA35
100 _aAlarcón, Reynaldo
_eAUT
245 0 _aEnsayos sobre Psicología contemporanea
260 _c2011
300 _a305 páginas :
_c20 cm.
650 _aGEN
654 _aCPS
942 _cLIB
_dJUS
_fJUS
_2ddc
_n
999 _c1391
_d1391